| 000 | 00427nam a2200157Ia 4500 | ||
|---|---|---|---|
| 003 | LK-CoDNM | ||
| 008 | 010623t1924 xxu||||| |||| 00| 1 eng d | ||
| 040 |
_aLK-CoDNM _dLK-CoDNM _eLK-CoDNM |
||
| 041 | _aeng | ||
| 080 |
_a50 _bD4 |
||
| 100 | _aGunaratana Thero,Kalahe Ratanajothi | ||
| 245 | _aDedicated to His Excellency Sir William Henry Manning | ||
| 260 |
_bAnanda Press _aGalle _c1924 |
||
| 300 | _b9P., 18 cm | ||
| 942 | _cBK | ||
| 999 |
_c92078 _d92078 |
||